[Event "Biel 44. ACCENTUS-GM-Turnier"]
[Site "Biel/Switzerland"]
[Date "2011.07.19"]
[Round "2"]
[White "Carlsen, Magnus"]
[Black "Shirov, Alexei"]
[Result "1-0"]
[WhiteElo "2821"]
[BlackElo "2714"]
[PlyCount "69"]
[EventDate "2011.??.??"]

1. Nf3 d5 2. d4 Nf6 3. c4 c6 4. Nc3 e6 5. e3 Nbd7 6. Bd3 dxc4 7. Bxc4 b5 8. Bd3
Bb7 9. O-O a6 10. e4 c5 11. d5 c4 12. Bc2 Qc7 13. Nd4 e5 (13... Nc5 14. b4 cxb3
15. axb3) 14. Nf5 g6 15. Nh6 Nh5 16. g3 (16. Qf3 Nf4 17. Nxf7 Kxf7 18. g3 g5
19. gxf4 gxf4 {[%cal Gf3h3,Gc2d1,Gd1h5,Gd7f6,Gh8f8,Gh8g8,Gg8g6]}) 16... Bc5 17.
Qf3 Rf8 18. Bd2 Bd4 (18... Qd6 19. b4 Bxb4 20. a4 Bxc3 21. Qxc3) 19. b4 cxb3 (
19... Nb6 20. a4) (19... Ng7 20. a4) 20. Bxb3 Qd6 (20... b4 21. Ne2 Bxa1 22.
Bxb4 Bb2 23. Bxf8 Nxf8 24. d6 Qd7 25. Ba4) 21. Rac1 Ng7 22. a4 f5 (22... b4 23.
Ne2 Bc5 24. a5) 23. axb5 f4 24. Ne2 Bb6 25. bxa6 (25. Ba4 a5) 25... Bxa6 26.
Bc4 (26. Rc6 Qa3) 26... g5 27. Bxa6 Rxa6 (27... Qxh6 28. Bb5 Qh3 29. Kh1 g4 30.
Ng1 Qxf1 31. Bxd7+ Kd8 32. Qxg4) 28. Rc8+ (28. Rc6 Bxf2+ 29. Qxf2 Rxc6 30. dxc6
Qxc6 31. Nf5 Nxf5 32. exf5 Rxf5) 28... Bd8 (28... Ke7 29. Rc6 Bxf2+ 30. Qxf2
Rxc6 31. dxc6 Qxc6 32. Bb4+) 29. Nf5 Nxf5 30. exf5 Nf6 (30... Rxf5 31. Qd3 Rf7
(31... Rf6 32. Nc3) 32. Bb4) 31. Qd3 Ra7 (31... Rb6 32. Ba5 Rb8 33. Bc7) 32.
Qb5+ Rd7 (32... Kf7 33. Bb4) (32... Qd7 33. Rxd8+ Kxd8 34. Qb8+ Ke7 35. Bb4+)
33. Bb4 Qxd5 34. Rxd8+ Kxd8 35. Qb8# 1-0

[Event "Biel 44. ACCENTUS-GM-Turnier"]
[Site "Biel/Switzerland"]
[Date "2011.07.19"]
[Round "2"]
[White "Caruana, Fabiano"]
[Black "Pelletier, Yannick"]
[Result "1/2-1/2"]
[WhiteElo "2711"]
[BlackElo "2590"]
[PlyCount "117"]
[EventDate "2011.??.??"]

1. e4 e6 2. d4 d5 3. Nc3 dxe4 {[%csl Gd5]} 4. Nxe4 Nd7 5. Nf3 Ngf6 6. Nxf6+
Nxf6 7. Bd3 c5 8. Be3 Qc7 9. Qe2 a6 10. O-O (10. O-O-O b5) 10... b6 (10... b5
11. c4) 11. dxc5 Bxc5 12. Bxc5 Qxc5 13. Qe5 Qxe5 14. Nxe5 Ke7 (14... Bb7 15.
Nc4) 15. a4 Bb7 16. Ra3 a5 (16... Rhd8 17. Rb3 Rd6 18. Nc4) (16... Rab8 17. Rb3
Bd5 18. Bxa6 Bxb3 19. cxb3 Kf8 (19... Ra8 20. Bb7 Ra5 21. Nc6+ Kd6 22. Nxa5
bxa5 23. Ba6 Kc5 24. Rc1+ Kb4 25. Rc7 Rd8 26. Rxf7 Rd1+ 27. Bf1 Kxb3) 20. Rc1
Rd8 21. g3) 17. f4 {[%cal Gf4f5]} (17. Rb3 Nd5 18. c4 (18. Be4 Rab8) (18. Nc4
Ba6 19. Nxb6 Nxb6 20. Rxb6 Bxd3 21. Rb7+ Kf6 22. cxd3 Rhb8) 18... Nb4) (17. Nc4
Nd5 18. Nxb6 Nxb6 19. Rb3 Bxg2 {[%csl Gd5,Gf4]}) 17... g6 18. Re1 Rhd8 19. g3
Rab8 (19... Nd7 20. Rb3 (20. Nc4 Ba6) 20... Nxe5 21. fxe5 Ba6 22. Bxa6 Rxa6 23.
Rb5 Rc8 (23... Rd5 24. c4) 24. Rc1) 20. Rb3 Ba8 21. Rc3 Rbc8 22. Rxc8 Rxc8 23.
Kf2 Nd7 24. Nxd7 Kxd7 25. h4 {[%cal Gg3g4,Gg4g5,Gh4h5]} h5 26. Ke3 Rc5 27. Kd2
Bc6 28. b3 Kd6 29. c3 Bd7 (29... e5 30. b4 Rd5 31. c4) 30. Re4 (30. b4 Rc7)
30... Rd5 (30... e5 31. b4 Rd5 32. c4 Rxd3+ 33. Kxd3 Bf5 34. fxe5+) 31. Ke3 Rc5
32. Bc4 b5 33. Rd4+ Kc7 (33... Ke7 34. axb5 Bxb5 35. Kd3 e5) 34. axb5 Bxb5 35.
Bxb5 (35. Kd3 e5) 35... Rxb5 36. b4 axb4 37. cxb4 e5 38. fxe5 Rxe5+ 39. Re4 Rb5
(39... Rf5 40. Rf4 Re5+ 41. Kd4 Re7 42. Rf6 Kb8 {[%cal Ge7a7,Ga7a3]} 43. Kc5
Re3) 40. Rf4 (40. Re7+ Kd8 41. Rxf7 Rxb4 42. Rf6 Rg4 43. Kf3 Ke7 44. Rf4 Rxf4+
45. Kxf4 Kf6) 40... f5 (40... Kd6 41. Rxf7 Rxb4 42. Rf6+ Ke5 43. Rxg6 Rg4 44.
Rxg4 hxg4 45. h5 (45. Kd3 Kd5 46. Kc3 Ke5 47. Kc4 Ke4) 45... Kf5 46. h6 Kg6 47.
Kf4 Kxh6 48. Kxg4 Kg6) 41. Rd4 Re5+ 42. Kf4 Re6 43. Kg5 Kc6 44. Rd8 (44. Kh6
Kb5 (44... Re3 45. Kxg6 Rxg3+ 46. Kxh5) 45. Rd8 Re3 46. Kxg6 Rxg3+ 47. Kxh5 f4)
44... Re3 45. Kxg6 Rxg3+ 46. Kxh5 (46. Kxf5 Rg4) 46... f4 47. Rf8 f3 48. Rf5
Kb6 49. Kh6 Kc6 50. h5 Kb6 51. Kh7 Kc6 52. h6 Kb6 53. Kh8 Kc6 54. h7 Kb6 55.
Rf8 (55. Rf7 Kc6 56. Rg7 f2 57. Rf7) 55... Kb5 56. Rb8+ Kc6 57. b5+ Kc7 58. Rg8
f2 59. Rf8 (59. Rxg3 f1=Q 60. Kg7 (60. Kg8 Qc4+) 60... Qe1 (60... Qa1+ 61. Kg8)
) 1/2-1/2

[Event "Biel 44. ACCENTUS-GM-Turnier"]
[Site "Biel/Switzerland"]
[Date "2011.07.19"]
[Round "2"]
[White "Vachier-Lagrave, Maxime"]
[Black "Morozevich, Alexander"]
[Result "0-1"]
[WhiteElo "2722"]
[BlackElo "2694"]
[PlyCount "82"]
[EventDate "2011.??.??"]

1. c4 Nf6 2. Nc3 d5 (2... g6 3. d4 (3. e4) 3... d5) 3. cxd5 Nxd5 4. e4 Nxc3 5.
bxc3 g6 6. d4 Bg7 7. Bc4 c5 8. Ne2 Nc6 9. Be3 O-O 10. O-O Qc7 11. Rc1 b6 12.
Qd2 Bb7 13. Bh6 Rad8 14. Bxg7 Kxg7 15. f4 Qd7 (15... Qd6 16. e5 (16. d5 Na5 17.
Bd3 f5) 16... Qd7) 16. Bb5 Qe6 17. f5 Qd6 (17... Qxe4 18. Ng3 (18. Rf4 Qd5 19.
Rh4) 18... Qd5) 18. Bxc6 Bxc6 19. d5 Bd7 20. c4 Qe5 21. Rc3 Rh8 22. Rh3 f6 23.
Qf4 (23. Qh6+ Kf7 24. Nf4 g5) 23... b5 24. Qh6+ Kf7 25. Nf4 Rdg8 26. Ne6 (26.
fxg6+ hxg6 27. Qxh8 Rxh8 28. Rxh8 Qxe4) 26... bxc4 27. Ra3 Qxe4 28. Ng5+ (28.
Rxa7 Qxd5 (28... gxf5 29. Qh5+ Rg6 30. Nf4)) 28... fxg5 29. fxg6+ Ke8 30. Rxa7
hxg6 (30... Qe3+ 31. Kh1 hxg6 32. Rf8+ Rxf8 33. Qxg6+ Kd8 34. Qb6+) 31. Ra8+
Bc8 32. Qxg5 (32. Rxc8+ Kd7 33. Qxh8 Rxh8 34. Rxh8 c3) 32... Kd8 33. d6 Qd4+
34. Rf2 Qd1+ 35. Rf1 Qd4+ 36. Rf2 Qd1+ 37. Rf1 Qxd6 38. h3 Qd4+ 39. Kh1 Rf8 40.
Re1 Rf6 41. Qg3 Rhf8 0-1